000 00318nam a22001457a 4500
008 221111b ||||| |||| 00| 0 eng d
020 _a9780804725620
041 _aeng
080 _a32
082 _a32 GAL
100 _a32.1
101 _aJURE
245 _aTHE DISUNITY OF SCIENCE
_cGALISON P
942 _2udc
_cBK
999 _c58856
_d58856